00569nam a2200193Ia 4500003000900000008004100009040001600050080001600066100002500082245004500107260004100152300001700193500001100210650001600221650002700237942000700264999001300271952009100284IN-BaIIA211028s9999 xx 000 0 eng d cIIA Library a523.64bWIL aWilliams, John91338 0aObservations of cometscJohn Williams  aLondonbStrangeways and Waldenc1871 axxxii, 124p. aplates aComets9755 aPlanetary systems9965 cBK c611d611 00104070aBANbBANcGENd0000-00-00l0o523.64/ WILp632r2021-11-05w0000-00-00yBK